000 01196cam a22003617a 4500
003 CHAP
005 20220817041003.0
008 971013s1989 r 00010 d
010 _a4046
011 _a5018
035 _a4224
040 _cCHAP
090 _aTesis
100 0 0 _aCalderón Marroquín, Lara Ixmukane.
_917406
245 1 3 _aEl rezago de la oferta agrícola y la inflación
260 _aChapingo, Méx. :
_bEl autor,
_c1989
300 _a88 h.
_b; Anexos
500 _aD52-126
502 _aTesis (Ing. Agr. Esp. en Economía Agrícola) -- UACH. Departamento de Economía Agrícola
590 _aALEPH
_b10
_c20130110
_lUCH01
_h1215
590 _aBATCH-UPD
_b10
_c20130110
_lUCH01
_h1102
590 _aBATCH-UPD
_b10
_c20130410
_lUCH01
_h0655
590 _aBATCH-UPD
_b10
_c20130914
_lUCH01
_h1638
590 _aCONVERSION
_b10
_c20130109
_lUCH01
_h1303
650 1 4 _aAgricultura
_xAspectos economicos
_zMexico.
_91312
650 1 4 _aInflación.
_958064
650 1 4 _aOferta y demanda.
_982790
650 1 4 _aPolítica agrícola
_zMéxico.
901 _aBK
942 _cFOLL
949 _bBC
_cTES
_d-13757
_eTS1
_h24530
_i4224
_si
949 _bBC
_cTES
_d-79200
_eTS2
_fc.2
_h24531
_i4224
_si
999 _c4046
_d4046